000 01014cam a2200361 4500
001 J60715
008 000000n1996 000 0 eng u
035 _a(Sirsi) u104473
041 _aeng
050 _a692.3094
_c18
110 _aEuropean Society of Chartered Surveyors
_92629
245 _aCode of measuring practice in Europe
_ba consultation document
260 _aBrussels
_bEuropean Society of Chartered Surveyors
_c1996
300 _aCa. 250p.
_c30cm.
520 _aIncludes copies of 10 countries'codes of measuring practice.
650 _aACCURACY
650 _aRICS CODE OF MEASURING PRACTICE
650 _aMeasurement
_96256
650 _aMETRICATION
650 _aRESIDENTIAL PROPERTY
_96266
650 _aSHOPS
650 _aEUROPE
650 _aBELGIUM
650 _aDENMARK
650 _aFRANCE
650 _aIRELAND
650 _aNETHERLANDS
650 _aPORTUGAL
650 _aSPAIN
650 _aUNITED KINGDOM
690 _aMAPPING AND MEASUREMENT
942 _n0
999 _c100258
_d100258